LEADER 01414nam0-2200409---450 001 990005615740203316 005 20190403124932.0 035 $a000561574 035 $aUSA01000561574 035 $a(ALEPH)000561574USA01 035 $a000561574 100 $a20000209d1995----|||y0itaa50------ba 101 $afre 102 $afr 105 $a0 00||| 200 1 $aEspace et temps$ela cité aristotélicienne de la Politique$fSylvie Vilatte$epréface de Claude Mossé 210 $aBesanþon$c[Université de Besançon]$adiff. par Paris: Les Belles Lettres$d1995 215 $a423 p.$d24 cm. 225 2 $aAnnales Littéraires de l'Université de Besançon. Centre de Recherches d'Histoire Ancienne$v141 311 $aNella serie principale n. 552$9SA0005007 410 0$12001$aAnnales Littéraires de l'Université de Besançon. Centre de Recherches d'Histoire Ancienne$v141 606 $aAristotele. Politica$xTemi[:] Città$2F 620 $dBESACON 676 $a185 700 1$aVILATTE,$bSylvie$0487163 702 1$aMOSSE,$bClaude 801 0$aIT$bSA$c20111219 912 $a990005615740203316 950 0$aDipar.to di Filosofia - Salerno$dDFCC 185 VIL$e3212 FIL 951 $aCC 185 VIL$b3212 FIL 959 $aBK 969 $aFIL 979 $c20121027$lUSA01$h1525 979 $c20121027$lUSA01$h1614 996 $aEspace et temps$91133631 997 $aUNISA NUM $aSA0005008 LEADER 01183nam--2200337---450 001 990000502630203316 005 20200610073632.0 035 $a0050263 035 $aUSA010050263 035 $a(ALEPH)000050263USA01 035 $a0050263 100 $a20010611d1990----km-y0itay0103----ba 101 $aita 102 $aIT 105 $a||||||||001yy 200 1 $aDalla bottegha allo scaffale$ebiblioteche, legature e legatorie nell'Italia meridionale dal 15. al 19. secolo 210 $aRoma$cIstituto poligrafico e Zecca dello Stato$d1990 215 $a144 p., 1 c. di tav.; 30 p. di tav.$cill.$d24 cm 225 2 $aI quaderni della Biblioteca nazionale di Napoli$hSer. 8$v1 410 $12001$aI quaderni della Biblioteca nazionale di Napoli$hSer. 8$v1 606 0 $aBiblioteche$yItalia meridionale$zSec. 15.-19. 606 0 $aRilegature$yItalia meridionale$zSec. 15.-19. 676 $a027.0457 801 0$aIT$bsalbc$gISBD 912 $a990000502630203316 951 $aI.2.B. 74 (XIII B 81)$b103193 LM$cXIII B 951 $aI.2.B. 74a$b236675 L.M.$cI.2.B.$d00305320 959 $aBK 969 $aUMA 996 $aDalla bottegha allo scaffale$9887378 997 $aUNISA